قضاء الحوائج / (رقم التسجيلة. 4047)

تفاصيل مارك
000 -الفاتح
عناصر البيانات ثابتة الطول 00838cam a2200193 i 4500
005 - تاريخ ووقت آخر معاملة
حقل ضبط 20251221115858.0
008 - عناصر البيانات ثابتة الطول
عناصر البيانات ثابتة الطول 250721s1986 ua gr 000 0 ara d
082 14 - رقم تصنيف ديوي العشري
رقم التصنيف 218,3
رقم المادة د ن ي
100 1# - مدخل رئيسي – اسم شخصي
الاسم الشخصي إبن أبي الدنيا، أبو بكر عبد الله محمد بن عبيد سفيان القرشي الأموي
علاقة الشخص بالعمل/ دوره مؤلف.
245 10 - بيان العنوان
العنوان قضاء الحوائج /
بيان المسؤولية الحافظ ابن أبي الدنيا ؛ تحقيق وتعليق مجدي السيد إبراهيم.
264 31 - بيانات النشر، التوزيع…إلخ
مكان النشر، التوزيع...إلخ القاهرة :
اسم الناشر، الموزع...إلخ مكتبة القرآن للطبع والنشر والتوزيع،
تاريخ النشر، التوزيع...إلخ 1986.
300 ## - الوصف المادي
عدد الوحدات المكونة للوعاء 99 صفحة.
650 17 - مدخل إضافي بالموضوع - مصطلح موضوعي
مصطلح موضوعي أو اسم جغرافي كعنصر مدخل الإسلام.
650 17 - مدخل إضافي بالموضوع - مصطلح موضوعي
مصطلح موضوعي أو اسم جغرافي كعنصر مدخل الشعائر.
650 17 - مدخل إضافي بالموضوع - مصطلح موضوعي
مصطلح موضوعي أو اسم جغرافي كعنصر مدخل الآداب الإسلامية.
700 1# - مدخل إضافي - اسم شخصي
الاسم الشخصي إبراهيم، مجدي السيد
علاقة الشخص بالعمل/ دوره محقق.
942 ## - بيانات إضافية (كوها)
نوع التنصيف Dewey Decimal Classification
نوع المادة (كوها) كتب
المقتنيات
حالة السحب حالة الفقدان مصدر التصنيف حالة التلف غير قابل للإعارة المكتبة الرئيسية المكتبة الحالية موقع الرف تاريخ التزويد الرقم المتسلسل Total Checkouts رقم الإستدعاء الباركود تاريخ آخر ظهور تاريخ الفاتورة نوع المادة (كوها)
    Dewey Decimal Classification     المكتبة المركزية المكتبة المركزية الإعارة 06/07/2004 206840   218,3 / د ن ي 206840 28/07/2025 06/07/2004 كتب
    Dewey Decimal Classification Unchecked   مكتبة الأميرة ايمان العامة مكتبة الأميرة ايمان العامة الإعارة 06/07/2004 5707   218,3/دني   28/07/2025 06/07/2004 كتب
    Dewey Decimal Classification     مكتبة حمزة العامة مكتبة حمزة العامة الإعارة 11/06/2015 [2865]   218,3/دني PLD00330563 28/07/2025 11/06/2015 كتب
Implemented & Customized by: BBB with SCIT (Smart Chains for Information Technology)

Powered by Koha